000 01972nam a2200541 i 4500
001 56313
003 KOSZ 005
005 20220322100538.0
008 081127s2008 pl a f |000 0 pol
015 _aUWD 2009/673
020 _a9788361314127
035 _a991047031719705066
035 _a(PL-WaBN)b22975639-48omnis_nlop
035 _ab22975639
035 _a(OCoLC)297690631
035 _a(PL)b0000002297563
035 _a(EXLNZ-48OMNIS_NETWORK)9910211531405606
040 _aWA N
_cWA N
_dKOSZ 005/HR
046 _k2008
080 _a(075.8)
080 _a621.01
080 _a621.51/.54
080 _a62-82
100 1 _aZastempowski, Bogdan
_eAutor
245 1 0 _aUkłady oraz elementy hydrauliczne i pneumatyczne w budowie maszyn /
_cBogdan Zastempowski, Janusz Musiał, Michał Styp-Rekowski.
260 _aBydgoszcz :
_bWydawnictwa Uczelniane Uniwersytetu Technologiczno-Przyrodniczego,
_ccop. 2008.
300 _a84 s. :
_bil. ;
_c24 cm.
336 _2rdacontent
_aTekst
_btxt
337 _2rdamedia
_aBez urządzenia pośredniczcego
_bn
338 _2rdacarrier
_aWolumin
_bnc
380 _aKsiążki
380 _aPublikacje dydaktyczne
385 _mPoziom nauczania
_aSzkoły wyższe
388 _a2001-
650 7 _aHydraulika
_2DBN
650 7 _aPneumatyka
650 7 _aMaszyny i urządzenia hydrauliczne
650 7 _aMaszyny i narzędzia pneumatyczne
_2DBN
650 7 _a Konstrukcja maszyn i urządzeń
_2DBN
655 7 _aPodręczniki akademickie
_2DBN
658 _aInżynieria i technika
700 1 _aMusiał, Janusz
_eAutor
700 1 _aStyp-Rekowski, Michał
_d(1946- )
_eAutor
710 2 _aWydawnictwa Uczelniane Uniwersytetu Technologiczno-Przyrodniczego (Bydgoszcz)
_4pbl
856 _uhttp://koha.tu.koszalin.pl/cgi-bin/koha/opac-detail.pl?biblionumber=56313
_yKatalog online BPK
942 _2UKD
_cKS
999 _c56313
_d56313